| 000 | 01413nam a2200337 a 4500 | ||
|---|---|---|---|
| 001 | 991011376639706706 | ||
| 003 | ES-BaIT | ||
| 005 | 20260415104328.0 | ||
| 008 | 010430s1936 spcc || 000 d|cat | ||
| 035 | _a(ES-BaCBU).b12735851 | ||
| 035 | _a(OCoLC)802409586 | ||
| 040 |
_aES-BaBC _bcat _cES-BaBC |
||
| 041 | 1 |
_acat _hrus |
|
| 080 | _a882-3"18" | ||
| 100 | 1 |
_aDostoievski, Fiodor, _d1821-1881 _916599 |
|
| 240 | 1 |
_aPrestuplénie i nakazànie. _lCatalà _9169259 |
|
| 245 | 1 | 0 |
_aCrim i càstig : _bdrama en tres actes i dinou quadres / _cescenificació de la novel·la de Fedor Dostoiewski per J. Ma. Jordá i Lluís Capdevila |
| 260 |
_aBarcelona : _bLlibr. Millá, _c1936 |
||
| 300 |
_a56 p. ; _c18 cm |
||
| 490 | 1 |
_aCatalunya teatral ; _v95 |
|
| 700 | 1 |
_aJordà, Josep M. _q(Josep Maria), _d1870-1936 _etrad. _927025 |
|
| 700 | 1 |
_aCapdevila, Lluís, _d1893-1980 _etrad. _911483 |
|
| 830 |
_aCatalunya teatral _v95 _967670 |
||
| 856 | 4 | 2 |
_zFitxa del catàleg manual _uhttps://www.cdmae.cat/sedo/imgtitulos/018/P0000110.gif |
| 856 | 4 | 2 |
_zFitxa del catàleg manual _uhttps://www.cdmae.cat/sedo/imgtitulos/018/P0000111.gif |
| 903 |
_aMASMM _dTCAT49/17 _fSegell del Casal Mutualista de l'Aliança Mataronina _i100923 |
||
| 907 |
_a.b12735851 _b15-02-21 _c07-05-08 _d07-05-08 _em _fa _g- _hcat _ispc _j0 _k3 |
||
| 908 |
_aBAB _aCLR _aUAB _aBC _aANC _aURV _aUdL _aCDMAE _aUB _aAFP _aAHCB |
||
| 940 | _aBC | ||
| 942 |
_2udc _c1 |
||
| 999 |
_c137373 _d137373 |
||